00905nam a2200313Ia 4500008004100000020001800041100001700059245004600076245004700122260001500169260002000184260000900204300001500213300002000228300001100248650001900259650001700278650002000295650001600315650002800331650002200359650002200381650002200403650002200425650002500447700000800472999001900480952009200499160803s9999 xx 000 0 und d a9780545273282 aThaler, Mike aSt. Patrick's Day from the black lagoon / cby Mike Thaler ; illustrated by Jared Lee. aNew York : bScholastic Inc. c2011 a61 pages : billustrations ; c20 cm. aEcofiction --  aHolidays --  aLeprechauns --  aParades --  aSaint Patrick's Day --  xJuvenile fiction. xJuvenile fiction. xJuvenile fiction. xJuvenile fiction. xJuvenile literature. a760 c299096d299096 001040aSSISBbSSISBcLEXd2016-08-03l0pSC-1022r2016-08-03 00:00:00w2016-08-03yBK